| 000 | 00504nam a2200181Ia 4500 | ||
|---|---|---|---|
| 999 |
_c3165 _d3165 |
||
| 020 | _a81-7829-167-3 | ||
| 082 | _a305.4071054 NAR- | ||
| 245 | 0 | _aNarratives from the women's studies family : recreating knowledge | |
| 260 |
_aNew Delhi _bSage Publications _c2003 |
||
| 300 | _a388p. | ||
| 504 | _aIncludes index | ||
| 650 | _aWomen's studies - India | ||
| 650 | _aFeminist studies | ||
| 650 | _aWomen - Information services - India | ||
| 700 | _aRajput, Pam | ||
| 700 | _ajain, Devaki | ||
| 942 | _cBK | ||